01120nam a2200241Ia 450000500170000000800410001702000180005804000570007604100080013310000350014124501210017625000110029726000680030830000180037650000640039450400380045852002400049665000230073665000370075965000160079665000280081271000380084020260514085338.0130821t2025 ck gr spa  a9789585210240 aCo-BoUCMbspacStefania Borbon (Modificó)d[Nuevo]00aspa1 aBahamon Dussan, Augustod1946-10aColombia geografía y destino b: una visión geopolítica de sus regiones naturales /cAugusto Bahamón Dussan. a6a.Ed. aBogotá (Colombia) ;bSociedad Geográfica de Colombia,c2025 a248 páginas a"Miembro del Colegio Máximo de las Academias de Colombia" aIncluye bibliografía e índice3 aAnaliza la geopolítica de las regiones naturales de Colombia, enfocándose en la integración territorial, la identidad nacional y la importancia de la geografía en la administración del Estado frente a los retos del siglo XXI.04aCiencia política04aGeografía políticazColombia04aGeografía04aGeopolíticazColombia2 aSociedad Geográfica de Colombia